| 000 | 00598nam a2200181Ia 4500 | ||
|---|---|---|---|
| 003 | IN-BaIIA | ||
| 008 | 211028s9999 xx 000 0 eng d | ||
| 020 | _a0-7167-0337-8 | ||
| 040 | _cIIA Library | ||
| 080 |
_a5 _bKLA |
||
| 100 |
_aKlauder, John R. _913266 |
||
| 245 | 0 |
_aMagic without magic _bjohn archibald wheeler a collection of essays in honor of his sixtieth birthday _cJohn R. Klauder |
|
| 260 |
_aSan Francisco _bW. H. Freeman _c1972 |
||
| 300 | _axii, 491p. | ||
| 650 |
_aJ.H.Wheeler _913267 |
||
| 650 |
_aScience essays _913268 |
||
| 942 | _cBK | ||
| 999 |
_c7860 _d7860 |
||